000 00654nam a2200229 i 4500
001 bg
100 1 _aRODKIEWICZ, Bohdan
245 1 0 _aBiologia rozwoju w zarysie /
_cBohdan Rodkiewicz.
260 _aWarszawa :
_bWydaw. Naukowe PWN,
_c1998.
300 _a334, [2] s. :
_brys., wykr. ;
_c24 cm.
504 _aIndeks.
650 9 _aOntogeneza
655 _aPodręczniki akademickie
020 _a8301126663
040 _cBPK
041 0 _apl
080 _a612.6+591.3+575](075.8)
920 _a83-01-12666-3
942 _cKS
008 s pl f |000 0 pol
999 _c39094
_d39094
856 _uhttp://koha.tu.koszalin.pl/cgi-bin/koha/opac-detail.pl?biblionumber=39094
_yKatalog online BPK